书目信息 |
| 题名: |
聚合反应工程
|
|
| 作者: | ;王绍亭 译 ;高分子学会 编 | |
| 分册: | ||
| 出版信息: | 北京 化学工业出版社 1982 |
|
| 页数: | 292页 | |
| 开本: | 19cm | |
| 丛书名: | ||
| 单 册: | ||
| 中图分类: | TQ316.3 | |
| 科图分类: | ||
| 主题词: | 高聚物--生产过程 | |
| 电子资源: | ||
| ISBN: | ||
| 000 | 00739nam0 2200241 45 | |
| 001 | 0182007155 | |
| 005 | 20060104153837.06 | |
| 010 | @dCNY1.00 | |
| 091 | @a15063.3413 | |
| 100 | @a19950406d1982 em y0chiy0121 ea | |
| 101 | 1 | @achi@cjpn |
| 102 | @aCN@b110000 | |
| 105 | @ay z 000yy | |
| 200 | 10 | @a聚合反应工程@Aju he fan ying gong cheng@f(日)高分子学会编@F(ri)gao fen zi xue hui bian@g王绍亭等译@Gwang shao ting deng yi |
| 210 | @a北京@c化学工业出版社@d1982 | |
| 215 | @a292页@d19cm | |
| 606 | 0 | @a高聚物@x生产过程 |
| 690 | @aTQ316.3 | |
| 702 | 0 | @a王绍亭@Awang shao ting@4译 |
| 711 | 0 | @a高分子学会@Agao fen zi xue hui@4编 |
| 801 | 2 | @aCN@bNLC@c20060104 |
| 801 | 0 | @aCN@b上海图书馆@c20040518 |
| 905 | @f1@b161069@dTQ316.3@e3 | |
| 聚合反应工程/(日)高分子学会编/王绍亭等译.-北京:化学工业出版社,1982 |
| 292页;19cm |
| ISBN :CNY1.00 |
| ● |
| 相关链接 |
|
|
|
|
正题名:聚合反应工程
索取号:TQ316.3/3
 
预约/预借
| 序号 | 登录号 | 条形码 | 馆藏地/架位号 | 状态 | 备注 |
| 1 | 0161069 | 001647016 | 第三借阅区/ [索取号:TQ316.3/3] | 在馆 | |
| 2 | 0161070 | 202184983 | 密集书库/ [索取号:TQ316.3/3] | 在馆 |